Jottings from an active life (Record no. 124094)
[ view plain ]
| 000 -LEADER | |
|---|---|
| fixed length control field | 00445nam a22001577a 4500 |
| 005 - DATE AND TIME OF LATEST TRANSACTION | |
| control field | 20160203143654.0 |
| 008 - FIXED-LENGTH DATA ELEMENTS--GENERAL INFORMATION | |
| fixed length control field | 160203b xxu||||| |||| 00| 0 eng d |
| 050 ## - LIBRARY OF CONGRESS CALL NUMBER | |
| Classification number | SPC DT3094.J28A3 |
| 100 ## - MAIN ENTRY--PERSONAL NAME | |
| Personal name | Jarvis, Weston |
| 9 (RLIN) | 21979 |
| 245 ## - TITLE STATEMENT | |
| Title | Jottings from an active life |
| Statement of responsibility, etc | by Jarvis, Weston |
| 260 ## - PUBLICATION, DISTRIBUTION, ETC. (IMPRINT) | |
| Place of publication, distribution, etc | London |
| Name of publisher, distributor, etc | Heath Cranton |
| Date of publication, distribution, etc | 1928 |
| 300 ## - PHYSICAL DESCRIPTION | |
| Extent | 256p.; |
| Dimensions | 22cm. |
| 600 ## - SUBJECT ADDED ENTRY--PERSONAL NAME | |
| Personal name | Jarvis, Weston |
| 9 (RLIN) | 21979 |
| 651 ## - SUBJECT ADDED ENTRY--GEOGRAPHIC NAME | |
| Geographic name | Rhodesia |
| 9 (RLIN) | 1270 |
| 942 ## - ADDED ENTRY ELEMENTS (KOHA) | |
| Source of classification or shelving scheme | Library of Congress Classification |
| Item type | SPC |
| Withdrawn status | Lost status | Source of classification or shelving scheme | Damaged status | Not for loan | Collection code | Home library | Current library | Shelving location | Date acquired | Total Checkouts | Full call number | Barcode | Date last seen | Price effective from | Koha item type |
|---|---|---|---|---|---|---|---|---|---|---|---|---|---|---|---|
| Library of Congress Classification | SPECIAL Collection | ARRUPE LIBRARY | ARRUPE LIBRARY | Main Collection | 03/02/2016 | SPC DT3094.J28A3 | 46500006101 | 03/02/2016 | 03/02/2016 | SPC |